Poesías selectas / (Record no. 76060)

MARC details
000 -LEADER
campo de control de longitud fija 00659nam a2200193 i 4500
001 - NÚMERO DE CONTROL
campo de control 76060
003 - IDENTIFICADOR DE NÚMERO DE CONTROL
campo de control ES-MaACL
005 - FECHA Y HORA DE LA ÚLTIMA TRANSACCIÓN
campo de control 20230906172715.0
007 - CAMPO FIJO DE DESCRIPCIÓN FÍSICA--INFORMACIÓN GENERAL
campo de control de longitud fija t|
008 - DATOS DE LONGITUD FIJA--INFORMACIÓN GENERAL
campo de control de longitud fija 040929q19201929sp ||||1| spa d
100 1# - ENTRADA PRINCIPAL--NOMBRE DE PERSONA
Nombre de persona Junqueiro, Guerra (
Fechas asociadas al nombre 1850-1923)
9 (RLIN) 60518
245 10 - MENCIÓN DEL TÍTULO
Título Poesías selectas /
Mención de responsabilidad, etc. Abilio M. Guerra Junqueiro ; traducidas por Eugenio Carballo y Fernando Maristany.
260 ## - PUBLICACIÓN, DISTRIBUCIÓN, ETC.
Lugar de publicación, distribución, etc. Barcelona :
Nombre del editor, distribuidor, etc. Cervantes,
Fecha de publicación, distribución, etc. [192-?]
300 ## - DESCRIPCIÓN FÍSICA
Extensión 75 p. ;
Dimensiones 20 cm.
500 ## - NOTA GENERAL
Nota general Es el v. 44 de "Las mejores poesías (líricas) de los mejores poetas"
700 1# - ENTRADA AGREGADA--NOMBRE PERSONAL
Nombre de persona Carballo, Eugenio.
9 (RLIN) 35002
700 1# - ENTRADA AGREGADA--NOMBRE PERSONAL
Nombre de persona Maristany, Fernando.
9 (RLIN) 76897
852 ## - LOCALIZACIÓN
Ubicación ES-MaACL
Número de control de estantería 1657-F-3
Holdings
Estatus retirado Estado de pérdida Estado de daño No para préstamo Colección Biblioteca de origen Biblioteca actual Ubicación en estantería Fecha de adquisición Fuente de adquisición Total de préstamos Signatura topográfica completa Código de barras Visto por última vez Precio de reemplazo Tipo de ítem Koha
        Colección de folletos Biblioteca del Ateneo de Madrid Biblioteca del Ateneo de Madrid Depósito folletos 17/01/2008     1657-F-3 1079600 23/02/2023 23/02/2023 Folleto